000 00276nam a2200109 4500
008 160625b xxu||||| |||| 00| 0 eng d
100 _91172
_a Heneman, H.G
245 _aLabor Economics
260 _aN.Y
_b South Western Pub.
_c1965
300 _aLabor Economics
942 _2ddc
_cBK
999 _c954
_d954